Normal view
MARC view
- WORLD ALMANAC 2007.BOOK OF FACTS 2007
Entry Topical Term
001 - CONTROL NUMBER
- control field: 65400
003 - CONTROL NUMBER IDENTIFIER
- control field: NUST
005 - DATE AND TIME OF LATEST TRANSACTION
- control field: 20210628203429.0
008 - FIXED-LENGTH DATA ELEMENTS
- fixed length control field: 210628|| aca||aabn | a|a d
040 ## - CATALOGING SOURCE
- Original cataloging agency: NUST
- Transcribing agency: NUST
150 ## - HEADING--TOPICAL TERM
- Topical term or geographic name entry element: WORLD ALMANAC 2007.BOOK OF FACTS 2007
670 ## - SOURCE DATA FOUND
- Source citation: Work cat.: (NUST): World Almanac Books 64132, World almanac and book of facts 2007, 2007
